| 000 | 00723nam a2200193Ia 4500 | ||
|---|---|---|---|
| 999 |
_c1365 _d1365 |
||
| 020 | _a72865000 | ||
| 082 | _aTC.0085 | ||
| 100 | _aChaudhari, J.S. | ||
| 245 | 2 | _aA study commercial and economic aspects of tourism and hotel industry at Mahabaleshwar and Panchgani hill stations | |
| 260 |
_c1987 _bShivaji Universityz |
||
| 300 |
_a260 _eShivaji University |
||
| 650 |
_aTourist trade _zIndia _zMahabaleshwar (Maharashtra) |
||
| 650 |
_aTourist trade _zIndia _zMahabaleshwar (Panchgani hill) |
||
| 650 | _aWestern ghats (India) | ||
| 650 |
_aHotewls, taverns etc _zIndia _zMahabaleshwar (Maharashtra) |
||
| 650 |
_aHotewls, taverns etc _zIndia _zMahabaleshwar (Panchgani hill) |
||
| 710 | _aSubba Rao, P. | ||
| 942 |
_cTH _2ddc |
||